<?xml version="1.0" encoding="UTF-8"?>
<collection xmlns="http://www.loc.gov/MARC21/slim">
  <record>
    <leader>00000nam  2200000   4500</leader>
    <controlfield tag="001">INLIS000000000019935</controlfield>
    <controlfield tag="005">20250505011254</controlfield>
    <datafield tag="035" ind1="#" ind2="#">
      <subfield code="a">0010-0525000018</subfield>
    </datafield>
    <controlfield tag="007">ta</controlfield>
    <controlfield tag="008">250505################g##########0#ind##</controlfield>
    <datafield tag="020" ind1="#" ind2="#">
      <subfield code="a">979 8170 21 0</subfield>
    </datafield>
    <datafield tag="082" ind1="#" ind2="#">
      <subfield code="a">519.5</subfield>
    </datafield>
    <datafield tag="084" ind1="#" ind2="#">
      <subfield code="a">519.5 SAL s</subfield>
    </datafield>
    <datafield tag="100" ind1=" " ind2="#">
      <subfield code="a">Saleh, Samsubar</subfield>
    </datafield>
    <datafield tag="245" ind1="1" ind2="#">
      <subfield code="a">Statistik Deskriptip /</subfield>
      <subfield code="c">Samsubar Saleh</subfield>
    </datafield>
    <datafield tag="250" ind1="#" ind2="#">
      <subfield code="a">Cetakan ke 3</subfield>
    </datafield>
    <datafield tag="260" ind1="#" ind2="#">
      <subfield code="a">Yogyakarta :</subfield>
      <subfield code="b">UPP AMP YKPN,</subfield>
      <subfield code="c">1998</subfield>
    </datafield>
    <datafield tag="300" ind1="#" ind2="#">
      <subfield code="a">206 halaman :</subfield>
      <subfield code="b">ilus ;</subfield>
      <subfield code="c">21 cm</subfield>
    </datafield>
    <datafield tag="650" ind1="#" ind2="4">
      <subfield code="a">Statistika</subfield>
    </datafield>
    <datafield tag="650" ind1="#" ind2="4">
      <subfield code="a">Matematika</subfield>
    </datafield>
    <datafield tag="520" ind1="#" ind2="#">
      <subfield code="a">Statistik merupakan ilmu yang mempelajari mengenai teknik maupun metode-metode yang digunakan untuk penelitian yang bersifat ilmiah agar diperoleh suatu analisis yang sesuai dengan pengamatan yang sebenarnya serta mengasilkan suatu ketajaman/akurat dalam pengukuran nilai-nilai data yang dihasilkan, di lain pihak statistik bukan hanya menyajikan data dalam bentuk tabel atau grafik, tapi juga berusaha menganalisis data yang ada serta mengambil/menarik kesimpulan dan menentukan sampai seberapa jauh kebenaran daripada kesimpulan yang sudah ada. &#13;
Dalam buku ini akan ditekankan pada statistik deskriptip yang tujuannya untuk menganalisis data kasar (hasil penelitian) ke dalam suatu penyajian maupun penyusunan data ke dalam bentuk yang lebih berguna bagi peneliti.</subfield>
    </datafield>
    <datafield tag="990" ind1="#" ind2="#">
      <subfield code="a">04098349</subfield>
    </datafield>
    <datafield tag="990" ind1="#" ind2="#">
      <subfield code="a">04098350</subfield>
    </datafield>
    <datafield tag="990" ind1="#" ind2="#">
      <subfield code="a">04098351</subfield>
    </datafield>
  </record>
</collection>
